América en extremadura : (Registro nro. 24335)
[ vista simple ]
| 000 -LEADER | |
|---|---|
| fixed length control field | 01442cam a2200349 i 4500 |
| 001 - CONTROL NUMBER | |
| control field | 24335 |
| 003 - CONTROL NUMBER IDENTIFIER | |
| control field | Mx-PuUPA |
| 005 - DATE AND TIME OF LATEST TRANSACTION | |
| control field | 20240613120333.0 |
| 008 - FIXED-LENGTH DATA ELEMENTS--GENERAL INFORMATION | |
| fixed length control field | 140415s2021 sp a gr 000 0 spa d |
| 020 ## - INTERNATIONAL STANDARD BOOK NUMBER | |
| International Standard Book Number | 9788409271375 |
| 040 ## - CATALOGING SOURCE | |
| Original cataloging agency | Mx-PuUPA |
| Language of cataloging | spa |
| Transcribing agency | Mx-PuUPA |
| Modifying agency | Mx-PuUPA |
| Description conventions | rda |
| 041 0# - LANGUAGE CODE | |
| Language code of text/sound track or separate title | spa |
| 100 1# - MAIN ENTRY--PERSONAL NAME | |
| Personal name | Pizarro Gómez, F. Javier, |
| 9 (RLIN) | 8851 |
| Relator term | autor |
| 245 10 - TITLE STATEMENT | |
| Title | América en extremadura : |
| Remainder of title | reflejos y presencias de Iberoamérica en el arte y el patrimonio extremeños / |
| Statement of responsibility, etc. | Francisco Javier Pizarro Gómez ; presentaciones, Miguel Ángel Gallardo Miranda [y otro] ; prefacio, Jaime Cuadriello Aguilar |
| 250 ## - EDITION STATEMENT | |
| Edition statement | Primera edición |
| 264 #1 - PRODUCTION, PUBLICATION, DISTRIBUTION, MANUFACTURE, AND COPYRIGHT NOTICE | |
| Place of production, publication, distribution, manufacture | [Lugar de publicación no identificado] : |
| Name of producer, publisher, distributor, manufacturer | Diputación de Badajoz, |
| Date of production, publication, distribution, manufacture, or copyright notice | 2021 |
| 300 ## - PHYSICAL DESCRIPTION | |
| Extent | 262 páginas : |
| Other physical details | ilustraciones (en color) ; |
| Dimensions | 31 cm |
| 336 ## - CONTENT TYPE | |
| Fuente | rdacontent |
| Content type term | texto |
| Content type code | txt |
| 337 ## - MEDIA TYPE | |
| Source | rdamedia |
| Media type term | sin medio |
| Media type code | n |
| 338 ## - CARRIER TYPE | |
| Source | rdacarrier |
| Carrier type term | volumen |
| Carrier type code | nc |
| 490 0# - SERIES STATEMENT | |
| Series statement | Colección Rescate ; |
| Volume/sequential designation | 14 |
| 650 #7 - SUBJECT ADDED ENTRY--TOPICAL TERM | |
| Source of heading or term | armarc |
| Topical term or geographic name entry element | Arte extremeño |
| General subdivision | Influencia latinoamericana |
| 650 #7 - SUBJECT ADDED ENTRY--TOPICAL TERM | |
| Source of heading or term | armarc |
| Topical term or geographic name entry element | Arte latinoamericano |
| General subdivision | Extremadura |
| 650 #7 - SUBJECT ADDED ENTRY--TOPICAL TERM | |
| Source of heading or term | armarc |
| Topical term or geographic name entry element | Extremadura |
| General subdivision | Influencia artística |
| 650 #7 - SUBJECT ADDED ENTRY--TOPICAL TERM | |
| Source of heading or term | armarc |
| Topical term or geographic name entry element | Artes español |
| 651 #4 - SUBJECT ADDED ENTRY--GEOGRAPHIC NAME | |
| Geographic name | América en el arte |
| 700 1# - ADDED ENTRY--PERSONAL NAME | |
| Personal name | Gallardo Miranda, Miguel Ángel, |
| Relator term | presentador |
| 700 1# - ADDED ENTRY--PERSONAL NAME | |
| Personal name | Cuadriello Aguilar, Jaime, |
| Relator term | autor de introducción |
| 942 ## - ADDED ENTRY ELEMENTS (KOHA) | |
| Source of classification or shelving scheme | Dewey Decimal Classification |
| Koha item type | Libro |
| Classification part | 700.98 |
| Item part | P695 |
| Withdrawn status | Lost status | Source of classification or shelving scheme | Damaged status | Not for loan | Collection code | Home library | Current library | Shelving location | Date acquired | Source of acquisition | Total Checkouts | Full call number | Barcode | Date last seen | Price effective from | Koha item type |
|---|---|---|---|---|---|---|---|---|---|---|---|---|---|---|---|---|
| Dewey Decimal Classification | General | Centro de Estudios Guadalupanos | Centro de Estudios Guadalupanos | Sala general | 03/12/2013 | Compra | 700.98 P695 2021 | 45683 | 05/01/2026 | 03/12/2013 | Libro |